Guess the Taylor swift song no hints #22 - Statistics

General Stats
  • This quiz has been taken 93 times
  • The average score is 357 of 443
Answer Stats
Answer % Correct
I
98%
me
95%
you
95%
You
95%
it
93%
the
93%
The
93%
to
93%
when
93%
And
90%
and
90%
in
90%
in?
90%
your
90%
All
88%
all
88%
(all
88%
do
88%
that
86%
too
86%
go
84%
is
84%
was
84%
of
83%
they
83%
were
83%
what
83%
don't
81%
it's
81%
like
81%
love
81%
want
81%
say
79%
Stay
79%
stay
79%
(stay)
79%
stay)
79%
(stay, stay, stay, stay, stay)
79%
but
78%
But
78%
had
78%
Had
78%
This
78%
this
78%
now
76%
Now
76%
Then
76%
know
74%
let
74%
Let
74%
have
72%
just
72%
not
72%
Not
72%
out
72%
think
72%
are
71%
off
71%
been
69%
Oh
69%
oh
69%
(oh, oh, oh-oh-oh)
69%
ooh
69%
us
69%
about
67%
Well
67%
always
66%
back
66%
hand
66%
I've
66%
late
64%
up
64%
wanted
64%
could've
62%
palm
62%
gave
60%
lock
60%
you've
60%
away
59%
gone
57%
Hey
57%
wanna
57%
why'd
57%
easy
55%
made
55%
more
55%
People
55%
people
55%
forever
53%
Here
53%
less
52%
believe
50%
changed
50%
road
50%
drove
48%
mess
48%
picking
48%
pieces
47%
pushed
47%
goodbye
45%
aside
43%
calling
41%
remind
41%
ended
40%
No matching quizzes found
Score Distribution
Percent of People with Each Score
Percentile by Number Answered
Your Score History
You have not taken this quiz